| 000 | 02120nam a2200325 i 4500 | ||
|---|---|---|---|
| 001 | 991061720912806706 | ||
| 003 | ES-BaIT | ||
| 005 | 20260219125635.0 | ||
| 008 | 260219e202401 fr a r 000 d fre c | ||
| 020 | _a9782749816258 | ||
| 040 |
_aES-BaIT _bcat _erda _cES-BaIT |
||
| 080 | _a840-2"19" | ||
| 100 | 1 |
_aTré-Hardy, Pierre _eautor _9168549 |
|
| 245 | 1 | 3 |
_aLe Syndrome de l'oiseau / _cPierre Tré-Hardy |
| 264 | 1 |
_aParis : _bL'avant-scène théatre, _cjanvier 2024 |
|
| 300 |
_a67 pàgines, 14 pàgines sense numerar, 13 pàgines de làmines sense numerar : _bil·lustracions ; _c21 cm |
||
| 336 |
_atext _btxt _2rdacontent |
||
| 336 |
_aimatge fixa _bsti _2rdacontent |
||
| 337 |
_asense mediació _bn _2rdamedia |
||
| 338 |
_avolum _bnc _2rdacarrier |
||
| 490 | 1 |
_aAvant-scène théâtre ; _vno 1553 |
|
| 500 | _aP2: D1, H1 i altres | ||
| 500 | _aPublicat com no 1553 ( janvier 2024) de la revista L'Avant-scène théâtre | ||
| 500 | _aEstrena Théâtre du Rond-Point, el 18 de gener de 2023 | ||
| 520 |
_a"Elle, cèst Ève, jeune femme figée dans une attente tissée d'espoirs, de lutte silencieuse, de découragements. Elle rêve de s'échapper, avec son bébé, de l'appartement où elle est enfermée. Lui, c'est Franck, le compagnon tyrannique, geôlier qui justifie la réclusion de sa bien-aimée par la fragilité de celle-ci. Mais quel est le lien qui les unit véritablement? Lequel de ces deux êtres est le plus libre, ou emmuré dans sa folie? Pierre Tré-Hardy écrit du théâtre depuis l'âge de 20 ans. Ses textes sont joues en France et à l'étranger, par de grands comédiens - tels que Michel Galabru, Marie-Christine Barrault, Sarah Biasini ou encore Niels Arestrup - et dans des mises en scène de prestige - Didier Long, Anne Bourgeois, etc. Son dernier ouvrage, le thriller Sanction, est paru en 2020 (Souffles littéraires). Il signe ici un huis clos aussi glaçant que puissant, dont ni le spectateur ni le lecteur ne sortiront indemnes"-- _cContracoberta |
||
| 830 |
_aAvant-scène. _pThéâtre _vno 1553 _9168170 |
||
| 908 | _aCDMAE | ||
| 940 | _aCDMAE | ||
| 942 |
_2udc _c1 |
||
| 999 |
_c137090 _d137090 |
||